Las poesías de Horacio / (Record no. 155587)
[ view plain ]
| 000 -LEADER | |
|---|---|
| campo de control de longitud fija | 01061nam a2200265 i 4500 |
| 001 - NÚMERO DE CONTROL | |
| campo de control | 155587 |
| 003 - IDENTIFICADOR DE NÚMERO DE CONTROL | |
| campo de control | ES-MaACL |
| 005 - FECHA Y HORA DE LA ÚLTIMA TRANSACCIÓN | |
| campo de control | 20251215140818.0 |
| 008 - DATOS DE LONGITUD FIJA--INFORMACIÓN GENERAL | |
| campo de control de longitud fija | 941221s1844 sp |||| | spa d |
| 100 1# - ENTRADA PRINCIPAL--NOMBRE DE PERSONA | |
| Nombre de persona | Horacio Flaco, Quinto. |
| 9 (RLIN) | 64182 |
| 245 14 - MENCIÓN DEL TÍTULO | |
| Título | Las poesías de Horacio / |
| Mención de responsabilidad, etc. | traducidas en versos castellanos, con comentarios mitológicos, históricos y filológicos por Javier de Burgos. |
| 250 ## - MENCION DE EDICION | |
| Mención de edición | 2ª ed. refundida y considerablemente aum. |
| 260 ## - PUBLICACIÓN, DISTRIBUCIÓN, ETC. | |
| Lugar de publicación, distribución, etc. | Madrid : |
| Nombre del editor, distribuidor, etc. | Librería de D. Jose Cuesta..., |
| Fecha de publicación, distribución, etc. | 1844. |
| 300 ## - DESCRIPCIÓN FÍSICA | |
| Extensión | 4 v. ; |
| Dimensiones | 24 cm. |
| 490 1# - MENCIÓN DE SERIE | |
| Mención de serie | Obras completas / Horacio |
| 500 ## - NOTA GENERAL | |
| Nota general | Índices (v. 4) |
| 596 ## - NOTA AL PIE DE IMPRENTA | |
| NOTA AL PIE DE IMPRENTA | Datos de imp. en 3º y 4º v. : Imp. de Suarez. |
| 597 ## - NOTA DE DESCRIPCIÓN FÍSICA | |
| NOTA DE DESCRIPCIÓN FÍSICA | T.I (XXXIV, 477 p.) -- T.II (493 p.) -- T.III (432 p.) -- T.IV (395, XXXVII p.) |
| 700 0# - ENTRADA AGREGADA--NOMBRE PERSONAL | |
| Nombre de persona | Burgos, Javier de, |
| Fechas asociadas al nombre | 1778-1849 |
| 9 (RLIN) | 32653 |
| 752 ## - ENTRADA AGREGADA--NOMBRE JERÁRQUICO DEL LUGAR | |
| País o entidad superior | España - |
| Ciudad | , Madrid |
| 830 0# - PUNTO DE ACCESO ADICIONAL DE SERIE-TÍTULO UNIFORME | |
| Título uniforme | Obras completas / Horacio |
| 9 (RLIN) | 221580 |
| 852 ## - LOCALIZACIÓN | |
| Ubicación | ES-MaACL |
| Número de control de estantería | C-2423-26 |
| Nota libre | - Enc. pasta española |
| 852 ## - LOCALIZACIÓN | |
| Ubicación | ES-MaACL |
| Número de control de estantería | F-10919-22 |
| Nota libre | - Enc. hol. |
| Estatus retirado | Estado de pérdida | Estado de daño | No para préstamo | Colección | Biblioteca de origen | Biblioteca actual | Ubicación en estantería | Fecha de adquisición | Total de préstamos | Signatura topográfica completa | Código de barras | Visto por última vez | Precio de reemplazo | Tipo de ítem Koha |
|---|---|---|---|---|---|---|---|---|---|---|---|---|---|---|
| Libros del s. XIX | Biblioteca del Ateneo de Madrid | Biblioteca del Ateneo de Madrid | Depósito 2 | 17/01/2008 | C-2423-26 | 1162746 | 23/02/2023 | 23/02/2023 | Libro impreso antiguo | |||||
| Libros del s. XIX | Biblioteca del Ateneo de Madrid | Biblioteca del Ateneo de Madrid | Sala Pecera Planta 2 | 17/01/2008 | F-10919-22 | 1162747 | 23/02/2023 | 23/02/2023 | Libro impreso antiguo |
